00915nam a2200193 a 450000100100000000500170001000800410002704000250006808200120009310000340010524501090013926000720024830000340032060000590035465100840041391000380049795201690053599900170070400003288320240409073643.0110801s1932 dr r 000 0dspa d aDO-SdBNPbspacBNPHU aF-RD 981 aHernández Franco, T.95863014aLos dos años de gobierno del presidente Trujillo :bagosto 1930- agosto 1932 /cT. Hernández Franco. aCiudad Trujillo, República Dominicana :bLa Información,c1932. a31 p. :bil., retr. ;c19 cm.10aTrujillo Molina, Rafael Leónidas,d 1891-1961976764 4aRepública DominicanaxPolítica Y GobiernoyERA DE TRUJILLO, 1930-196191374 aValidado. Control de calidad. EMS 001050718RVaPDbPDcHDd2011-08-01iLF1l0oF-RD 98p32883-10r2020-06-25w2020-06-25y1zPerteneció a la biblioteca personal de Martínez BoogZNo se presta c32374d32374